| 000 | 00734nam a22002177a 4500 | ||
|---|---|---|---|
| 003 | 0 | ||
| 005 | 20250917112807.0 | ||
| 008 | 250917b xxu||||| |||| 00| 0 eng d | ||
| 020 | _a978-1-98469-526-0 | ||
| 050 |
_aQ 342 _b.P37 2025 |
||
| 100 |
_aParker, Graham, _eauthor. |
||
| 245 |
_aArtificial intelligence and deep learning / _cGraham Parker. |
||
| 260 |
_aNew York, NY : _b3G E-Learning LLC, _c2025. |
||
| 300 |
_axviii, 282 pages : _bcolored illustrations ; _c26 cm. |
||
| 504 | _aIncludes bibliographical references and index. | ||
| 650 | _aArtificial intelligence. | ||
| 650 | _aMachine learning. | ||
| 650 | _aDeep learning (Artificial intelligence). | ||
| 650 | _aNeural networks (Computer science). | ||
| 942 |
_2lcc _cBK |
||
| 999 |
_c368004 _d368004 |
||